000 01431nam a2200277 a 4500
003 DO-SdBNP
005 20260205110706.0
007 ta
008 220509e2012 dr ac||ert||| 001 0 spa d
040 _aDO-SdBNP
_bspa
_cBNPHU
082 4 _222
_bI43g
245 0 0 _aInforme de gestión anual 2012 /
_cPrólogo,Prólogo, Manuel A. Grullón, Fotografías, Luis Nova, Jochy Fersobe.
260 _aSanto Domingo :
_bBanco Popular, República Dominicana,
_c2012
300 _a191 p. :
_bil., fotogr. ;
_c29 cm.
500 _aIncluye Directorio de oficinas, p. 190- 195.
505 _tIndicadores financieros.--
_tCarta del Presidente.--
_tInforme del consejo de Administración.--
_tDon Pedro A. Rodríguez, Primer Consejoro Emérito del Popular.--
_tDe la mano con las empresas.--
_tProductos y servicios.--
_tComposición social con nuestras comunidades.--
_tEstado financieros.--
_tMiembros del Consejo de Administración.--
_tComités del Consejo de Administración.--
_tPrincipales funcionarios.--
_tDirectorio de oficinas.
590 _aInventariado 2022 / MF
610 4 _97760
_aBanco Popular de la República Dominicana
_xInformes Técnicos
650 0 _aInformes técnicos
_xRedacción
_97867
700 1 _973783
_aGrullón, Manuel A
_epról.
700 1 _936995
_aNova, Luis
_efotogr.
700 1 _973769
_aFersobe, Jochy
_efotogr.
710 1 _97760
_aBanco Popular de la República Dominicana
910 _aMFeliz
942 _2ddc
_cLBS1
999 _c51670
_d51670